Introduction to modern physics

Uloženo v:
Podrobná bibliografie
Hlavní autoři: Richtmyer, F. K (Autor), Kennard, E. H (Autor), Lauritsen, T (Autor)
Médium: Kniha
Jazyk:angličtina
Vydáno: Nueva York McGraw-Hill 1955
Nueva York Kogakusha 1955
Vydání:5a. ed
Edice:International Series in Pure and Applied Physics
Témata:
Tagy: Přidat tag
Žádné tagy, Buďte první, kdo vytvoří štítek k tomuto záznamu!

MARC

LEADER 00000nam a2200000 a 4500
001 UCT1558
003 CL-VaPUC
008 960927e19550000us |||||||||||||||||eng|d
082 0 4 |a 539  |b RIC  |2 21 
100 0 |a Richtmyer, F. K  |e author  |9 370485 
700 0 |a Kennard, E. H  |e author  |9 370486 
700 0 |a Lauritsen, T  |e author  |9 370487 
245 1 0 |a Introduction to modern physics 
250 |a 5a. ed 
300 |a 666 p 
942 |c BK 
945 |d 19960927 00:00:00  |a paguirre 
260 |a Nueva York  |b McGraw-Hill  |c 1955 
260 |a Nueva York  |b Kogakusha  |c 1955 
650 0 |a Física   |9 227844 
650 0 |a Teoría de la relatividad   |9 266149 
650 7 |a ELECTRONES  |2 CL-VaPUC  |9 322158 
650 0 |a Teoría cuántica  |9 266148 
650 0 |a Átomos  |9 259583 
650 0 |a Propagación de ondas  |9 263256 
650 0 |a Estructura atómica   |9 259944 
650 0 |a Núcleos atómicos  |9 357366 
583 |a last modification  |c 20171122 05:35:26  |k Rodrigo Vera 
490 0 |a International Series in Pure and Applied Physics 
999 |c 252043  |d 252041